Statistiche per Quiz sull'Uganda

Clicka qui per fare il quiz!

Statistiche generali

  • Questo quiz è stato fatto 229 volte
  • Il punteggio medio è 14 su 20

Statistiche sulle risposte

HintRisposta% Corretto
Lingue ufficiali
Inglese
97%
Ruanda
95%
Paesi confinanti
Kenya
93%
Rep.Dem. del Congo
92%
Tanzania
91%
CapitaleKampala
90%
Gran parte del territorio dell'Uganda è occupato da questo grande lago africano
Lago {Vittoria}
90%
Sud Sudan
83%
Swahili
77%
Età media dei cittadini ugandesi arrotondata all'anno più vicino
16
62%
Maggiore esportazione
Caffè
59%
Nel 1976, un aereo fu dirottato da un commando proveniente da questo paese e poi atterrò all'aeroporto di Entebbe
Israele
58%
Nel 1903, gli inglesi tentarono di creare in Uganda una terra per questo popolo che allora non aveva ancora una nazione
Ebrei
57%
Montagna più alta, così chiamata in onore di un famoso esploratore britannico
Monte {Stanley}
53%
Tra gli altri, questo dittatore si conferì questo particolare titolo (aiuto: pensa ad un film ispirato alla sua figura)
Re di {Scozia}
53%
Moneta
Scellino
52%
Uccello che appare sulla bandiera
{Gru} Coronata grigia
51%
Famoso dittatore noto come "Il macellaio dell'Uganda"
Idi Amin Dada
46%
Leader di quel gruppo
Joseph Kony
41%
Famigerato gruppo terroristico che usa bambini soldato
Esercito di resistenza del {Signore}
40%

Distribuzione punteggi

Percentile per numero di risposta

Percentuale di utenti per punteggio

I tuoi punteggi nel tempo

Non hai fatto questo quiz